01429agaaa2200301 45000010005000000030009000050050017000140070009000310080040000400400023000800410013001031000047001161300017001632450147001802500022003272600122003493000033004715080181005045110086006855200030007715380016008015460013008176500056008307000055008867000059009417000061010007000066010613197IT-RoPAU20220918181224.0d cvaizq50131s9999||||xx ||| | || ||und|| aIT-RoPAUcIT-RoPAU aITALIANO aDi Carlo CarlogCodice regista SPICS: 7226 aSCACCO MATTO aSCACCO MATTOcSceneggiatura: Di Carlo Carlo Vergine Antonio -- Diretto da: Di Carlo CarlopSCACCO MATTO (Rif. Codice opera principale : 63197) aEdizione Standard aROMA (ITALIA)bRAI - RADIO TELEVISIONE ITALIANA / Distribuzione: RAIg"1987 (1° ed.: 1991 ; Ed. Lingua Orig.: 1987)" aVHSbsonoro, col.c50 minuti a"Fotografia: Negri Della Torre L.; Musica: Bacalov Luis; Sceneggiatura: Di Carlo Carlo Vergine Antonio; Scenografia: Bernardi Paolo; Soggetto: Di Carlo Carlo -- Ostuni Lorenzo" a"Andreasi Felice; Ferreol Andrea; Bandini Armando; Gino-Lana; Massimo-Franceschi" aFILM REALIZZATO PER LA TV aPAL, STEREO aITALIANO aDRAMMATICOeFILMS [VHS]xCodice MATERIA SPICS: 9960 aBacalov Luise(musica)gCodice Musica SPICS: 21505 aDi Carlo Carlo e(regista)gCodice regista SPICS: 7226 aDi Carlo Carlo e(soggetto)gCodice Soggetto SPICS: 7226 aOstuni Lorenzo e(soggetto)gCodice Soggetto 2° SPICS: 22449